000 00985nam a22003137a 4500
001 BR0102257
003 BR-BrBNA
005 20230928100854.0
007 ta
008 230509b bl.||||| |||| 00| 0 por d
040 _aBR-BrBNA
_bpor
_cBiblioteca Nacional de Agricultura
041 _a(Por)
072 _aL73
_b4110
090 _ 4110 BR0102257
100 1 _aHolanda, E.D.
110 1 _aUniversidade Federal de Minas Gerais, Belo Horizonte (Brasil). Escola de Veterinaria
_0Tese (Mestre em Medicina Veterinaria)
245 1 _aAvaliacao de metodos de descontaminacao para isolamento de micobacterias em tecidos de animais
260 3 _aBelo Horizonte, MG (Brasil):
_c2000.
300 _a25 p.
500 _aSummaries (Eng, Por); Bibliography p. 22-25
650 _aBacteria
650 _aTuberculose
650 _aTecido Animal
650 _aToxidez
650 _aMicobacteria
650 _aAcido Sulfurico
909 _a202309
_bLucia
_c55
_dLucia Elande
942 _cBK
999 _c63190
_d63190